National Trust for Scotland (Record no. 120908)

MARC details
000 -LEADER
fixed length control field 00644cai a22001815a 4500
001 - CONTROL NUMBER
control field E152954
008 - FIXED-LENGTH DATA ELEMENTS--GENERAL INFORMATION
fixed length control field 110517u xxk g 000 0 eng d
035 ## - SYSTEM CONTROL NUMBER
System control number (Sirsi) u152954
041 0# - LANGUAGE CODE
Language code of text/sound track or separate title eng
110 2# - MAIN ENTRY--CORPORATE NAME
Corporate name or jurisdiction name as entry element National Trust for Scotland
9 (RLIN) 3899
245 00 - TITLE STATEMENT
Title National Trust for Scotland
Medium [electronic resource]
520 ## - SUMMARY, ETC.
Summary, etc. Provides details of National Trust for Scotland (NTS) properties and events, as well as information on conservation and NTS policies.
590 ## - LOCAL NOTE (RLIN)
Local note KA
651 #4 - SUBJECT ADDED ENTRY--GEOGRAPHIC NAME
Geographic name Scotland
Chronological subdivision 1999-
690 ## - LOCAL SUBJECT ADDED ENTRY--TOPICAL TERM (OCLC, RLIN)
Topical term or geographic name as entry element Environment
9 (RLIN) 6238
856 40 - ELECTRONIC LOCATION AND ACCESS
Uniform Resource Identifier <a href="https://www.nts.org.uk/Home/">https://www.nts.org.uk/Home/</a>
Public note View the website free of charge at www.nts.org.uk
942 ## - ADDED ENTRY ELEMENTS (KOHA)
Suppress in OPAC 0
Holdings
Withdrawn status Lost status Source of classification or shelving scheme Damaged status Not for loan Home library Current library Shelving location Date acquired Total Checkouts Full call number Barcode Date last seen Copy number Price effective from Koha item type
    Dewey Decimal Classification     Virtual Virtual Online 17/05/2011   WEBSITE 152954-2001 06/08/2019 1 06/08/2019 Online material